000 00481nam a22001817a 4500
003 OSt
005 20161130132428.0
008 161013b xxu||||| |||| 00| 0 eng d
020 _a0471360198
040 _cDDC.
082 _a500.2ZAJ 2001;
100 _aZajac,Richard;
_911195
245 _aPhysical science:
_ba Laboratory Manual.
260 _aNew York;
_bJohn Wiley an Sons inc.
_c2001.
300 _axi,426p;
_bill;
_c27cm,
650 _aChemistry.
_9797
942 _2ddc
_cO_SHELF
999 _c5352
_d5352